<?xml version="1.0" encoding="UTF-8"?>
<collection xmlns="http://www.loc.gov/MARC21/slim">
 <record>
  <leader>01056nam a22002295a 4500</leader>
  <controlfield tag="001">CEM.cems001928</controlfield>
  <controlfield tag="005">20060215000000.0</controlfield>
  <controlfield tag="008">130507s1976##################000#0#####d</controlfield>
  <controlfield tag="003">CEMS</controlfield>
  <datafield tag="082" ind1="0" ind2="4">
   <subfield code="a">510</subfield>
  </datafield>
  <datafield tag="100" ind1="1" ind2=" ">
   <subfield code="a">Dalmasso, Juan Carlos Dir.</subfield>
  </datafield>
  <datafield tag="245" ind1="1" ind2="0">
   <subfield code="a">Regla de tres; guía de trabajos prácticos /</subfield>
  </datafield>
  <datafield tag="260" ind1=" " ind2=" ">
   <subfield code="a">Buenos Aires :</subfield>
   <subfield code="b">Desafios,</subfield>
   <subfield code="c">1976</subfield>
  </datafield>
  <datafield tag="300" ind1=" " ind2=" ">
   <subfield code="a">27 p.</subfield>
  </datafield>
  <datafield tag="505" ind1="0" ind2=" ">
   <subfield code="a">Conjuntos. Pertenencia. Inclusion. Conjuntos de puntos; Operaciones con conjuntos. Aplicaciones a la geometria; Los numeros naturales; Operaciones en N. Adicion y sustraccion; Multiplicacion y division en N; Potenciacion y radicacion en N; Divisibilidad en N; Los numeros enteros; Los numeros racionales; Conceptos afines y metricos en el plano; Perpendicularidad en el plano metrico; Triangulos</subfield>
  </datafield>
  <datafield tag="653" ind1=" " ind2=" ">
   <subfield code="a">Matematica</subfield>
  </datafield>
  <datafield tag="653" ind1=" " ind2=" ">
   <subfield code="a">Matematica 2do. año</subfield>
  </datafield>
  <datafield tag="653" ind1=" " ind2=" ">
   <subfield code="a">Proporciones</subfield>
  </datafield>
  <datafield tag="653" ind1=" " ind2=" ">
   <subfield code="a">Razon</subfield>
  </datafield>
  <datafield tag="653" ind1=" " ind2=" ">
   <subfield code="a">Regla de tres</subfield>
  </datafield>
  <datafield tag="859" ind1=" " ind2=" ">
   <subfield code="a">CEMS</subfield>
   <subfield code="b">BIB. CEMS - 11 de abril</subfield>
   <subfield code="h">510</subfield>
   <subfield code="i">R263/II</subfield>
   <subfield code="p">12836.83</subfield>
   <subfield code="t">Ej.1</subfield>
  </datafield>
  <datafield tag="859" ind1=" " ind2=" ">
   <subfield code="a">CEMS</subfield>
   <subfield code="b">BIB. CEMS - 11 de abril</subfield>
   <subfield code="h">510</subfield>
   <subfield code="i">R263/II</subfield>
   <subfield code="p">12837.83</subfield>
   <subfield code="t">Ej.2</subfield>
  </datafield>
 </record>
</collection>
